logo

Bir Sreshtho Munshi Abdur Rouf Library
Jhenaidah Cadet College

নির্ভরণ বিশ্লেষণ / (Record no. 5503)

MARC details
000 -LEADER
fixed length control field 00705nam a2200229 a 4500
001 - CONTROL NUMBER
JCCL Control Number 5503
003 - CONTROL NUMBER IDENTIFIER
JCCL marc code BD-JhCC
005 - DATE AND TIME OF LATEST TRANSACTION
control field 20180916102800.0
008 - FIXED-LENGTH DATA ELEMENTS--GENERAL INFORMATION
fixed length control field 171217s1995 bg |||| ||a| 000 0 ben d
020 ## - INTERNATIONAL STANDARD BOOK NUMBER
International Standard Book Number 9840732803
035 ## - SYSTEM CONTROL NUMBER
system control number (BD-JhCC) 5503
040 ## - CATALOGING SOURCE
Original cataloging agency BD-JhCC
Modifying agency BD-JhCC
041 ## - LANGUAGE CODE
Language code of Book ben
082 ## - DEWEY DECIMAL CLASSIFICATION NUMBER
Classification number 519.536
Author mark and Year KES 1995
100 ## - MAIN ENTRY--PERSONAL NAME
Personal name ভূঞাঁ, কেশব চন্দ্র
245 ## - TITLE STATEMENT
Title নির্ভরণ বিশ্লেষণ /
Statement of responsibility, etc কেশব চন্দ্র ভূঞাঁ
260 ## - PUBLICATION, DISTRIBUTION, ETC. (IMPRINT)
Place of publication, distribution, etc ঢাকা :
Name of publisher, distributor, etc বাংলা একাডেমী ঢাকা ,
Date of publication, distribution, etc 1995
300 ## - PHYSICAL DESCRIPTION
Pagination 208 p .:
Dimensions 24 cm .
650 ## - SUBJECT ADDED ENTRY--TOPICAL TERM
Topical term or geographic name as entry element Regression analysis
942 ## - ADDED ENTRY ELEMENTS (KOHA)
Source of classification or shelving scheme Dewey Decimal Classification
Koha item type Books
Holdings
Source of classification or shelving scheme volume number Damaged status Not for loan Home library Current library Shelving location Date of accession Cost, normal purchase price Total Checkouts Full call number Barcode Date last seen Copy number Koha item type
Dewey Decimal Classification V-2     JCC Rouf Library JCC Rouf Library General Stacks 03/24/2018 130.00   519.536 KES 1995 11167 03/24/2018 C-1 Books
Dewey Decimal Classification V-1     JCC Rouf Library JCC Rouf Library General Stacks 03/25/2018 120.00   519.536 KES 1995 7746 03/25/2018 C-2 Books

JCC Library | Contacts | JCC Home

Last Update on 23 September 2017
Copyright @ 2017-2020 JCC Rouf Library
Rouf Library, Jhenidah Cadet College (JCC), Bangladesh